Statystyki dla Kraje Europy, i ich stolice.

Kliknij tutaj aby rozwiązać quiz!

Ogólne statystyki

  • Ten quiz został rozwiązany 99 razy
    (57 od ostatniego zresetowania)
  • Średni wynik to 41 z 45

Statystyki odpowiedzi

Karta odpowiedzi% Poprawnych
Polska-Warszawa
100%
Rosja-Moskwa
98%
Norwegia-Oslo
98%
Grecja-Ateny
96%
Belgia-Bruksela
96%
Białoruś-Mińsk
96%
Niemcy-Berlin
96%
Litwa-Wilno
96%
Portugalia-Lizbona
94%
Słowacja-Bratysława
94%
Słowenia-Lublana
94%
Łotwa-Ryga
94%
Szwecja-Sztokholm
94%
Hiszpania-Madryt
94%
Włochy-Rzym
94%
Francja-Paryż
94%
Czechy-Praga
94%
Holandia-Amsterdam
94%
Finlandia-Helsinki
92%
Estonia-Tallinn
92%
Andora-Andora
92%
San Marino-San Marino
92%
Serbia-Belgrad
92%
Wielka Brytania-Londyn
92%
Ukraina-Kijów
90%
Dania-Kopenhaga
90%
Austria-Wiedeń
90%
Kosowo-Prisztina
88%
Irlandia-Dublin
88%
Watykan
88%
Chorwacja-Zagrzeb
88%
Bułgaria-Sofia
88%
Macedonia Północna-Skopje
88%
Albania-Tirana
86%
Rumunia-Bukareszt
86%
Mołdawia-Kiszyniów
86%
Bośnia i Hercegowina-Sarajewo
86%
Luksemburg-Luksemburg
86%
Islandia-Rejkiawik
84%
Węgry-Budapeszt
84%
Monako-Monako
82%
Szwajcaria-Berno
82%
Czarnogóra-Podgorica
82%
Malta-Valletta
80%
Liechtenstein-Vaduz
80%

Rozkład punktacji

Percentyl według liczby udzielonych odpowiedzi

Procent ludzi z każdym wynikiem

Twoja historia wyników

Nie rozwiązałeś tego quizu od ostatniego zresetowania